Dopasuj samochód z PRL-u do zdjęcia - Statystyki

Ogólne statystyki
  • Ten quiz został rozwiązany 175 razy
  • Średni wynik to 11 z 14
Statystyki odpowiedzi
Obrazkowy Odpowiedź % Poprawnych
Fiat 126p|Maluch
94%
FSO Polonez
93%
Nysa
89%
Star
89%
Fiat 125p|Duży Fiat
88%
FSO Syrena
88%
FSO Warszawa
88%
Jelcz
85%
Żuk
85%
Tarpan
82%
Autosan
80%
FSC Lublin
79%
Mikrus
52%
Żubr
37%
Nie znaleziono quizów pasujących do podanych kryteriów
Rozkład punktacji
Procent ludzi z każdym wynikiem
Percentyl według liczby udzielonych odpowiedzi
Twoja historia wyników
Nie rozwiązałeś tego quizu